| 000 | 00837nam a2200265 i 4500 | ||
|---|---|---|---|
| 001 | 10793 | ||
| 003 | ES-MaACL | ||
| 005 | 20230906145947.0 | ||
| 007 | t| | ||
| 008 | 000000s19870000sp d ||||0| spa d | ||
| 016 | 7 | _zIBH8705213338 | |
| 020 | _a84-345-1567-9 | ||
| 080 | _a612.39(075.8) | ||
| 080 | _a616-083.2(075.8) | ||
| 245 | 0 | 3 |
_aLa nutrición en la salud y en la enfermedad _b: conocimientos actuales / _c[editado por] Robert S. Goodhart, Maurice E. Shils. |
| 260 |
_aBarcelona [etc.] : _bSalvat, _c1987. |
||
| 300 |
_aXV, 1258 p : _bgráf ; _c27 cm. |
||
| 504 | _aBibliografía. - Indice. | ||
| 650 | 4 |
_aDietas para enfermos. _911883 |
|
| 650 | 0 | 4 |
_aNutrición. _915650 |
| 700 | 1 |
_aShils, Maurice E. _9106125 |
|
| 700 | 1 |
_aGoodhart, Robert S. _9162063 |
|
| 852 |
_aES-MaACL _jL-18065 _bR.124413 |
||
| 999 |
_c10793 _d10793 |
||